top 10 największych miast w woj. wielkopolskim - Statystyki

Ogólne statystyki
  • Ten quiz został rozwiązany 37 razy
  • Średni wynik to 7 z 10
Statystyki odpowiedzi
Populacja miasta Nazwa % Poprawnych
1. - 540 146 Poznań
100%
3. - 70 361 Piła
93%
5. - 67 596 Konin
85%
6. - 63 932 Gniezno
78%
2. - 93 681 Kalisz
78%
7. - 58 318 Leszno
78%
4. - 69 477 Ostrów wielkopolski
67%
10. - 28 392 Swarzędz
41%
8. - 32 015 Luboń
30%
9. - 31 857 Września
30%
Nie znaleziono quizów pasujących do podanych kryteriów
Rozkład punktacji
Procent ludzi z każdym wynikiem
Percentyl według liczby udzielonych odpowiedzi
Twoja historia wyników
Nie rozwiązałeś tego quizu